Kiến trúc cảnh quan Việt Nam :Truyền thông và hiện đại

保存先:
書誌詳細
フォーマット: 図書
言語:Vietnamese
出版事項: Xây dựng 2017
主題:
タグ: タグ追加
タグなし, このレコードへの初めてのタグを付けませんか!
Thư viện lưu trữ: Mạng thư viện Đại học Đà Nẵng
LEADER 00999nam a2200301 a 4500
001 000003517
003 04350
005 20171229145311.0
008 171229s2017 vie
040 |a LSK 
041 0 |a VIE 
082 0 |a 719  |b NG-T 
245 0 0 |a Kiến trúc cảnh quan Việt Nam :Truyền thông và hiện đại  |c TS. KTS. Nguyễn Thị Thanh Thủy, ThS. KTS Tôn Ánh Hồng 
260 |b Xây dựng  |c 2017 
300 |a 193 pages  |c 27 cm. 
653 |a Kiến trúc 
852 |a Phòng Đọc 
901 |a 2 
927 |a Sách tham khảo 
OWN |a LSK 
AVA |a UDN50  |b LSK  |d 719 NG-T  |e available  |t Error 5001 Not defined in file expand_doc_bib_avail.  |f 2  |g 0  |h N  |i 0  |k 1 
999 |a From the UDN01 
AVA |a UDN50  |b LSK  |d 719 NG-T  |e available  |t Error 5001 Not defined in file expand_doc_bib_avail.  |f 2  |g 0  |h N  |i 0  |k 1 
TYP |a Monograph 
TYP |a Printed language 
980 |a Mạng thư viện Đại học Đà Nẵng